000 00318 a2200157 4500
001 172425
020 _a
040 _cMagnum
100 _aRomanelli, Liliane
240 1 0 _aEncontro magico
_lpor
245 1 0 _aEncontro magico
362 0 _a1899
440 1 _aRHJ
697 _aI/AVENTURA, CRIANCAS
942 _cBK
999 _c172425
_d172425